000 00306nam a22001337a 4500
999 _c15510
_d15510
003 OSt
008 180823b ||||| |||| 00| 0 eng d
082 _a690
_bGIB/BU
100 _aDrury, F.E
_93279
245 _aBuilding science 1
260 _aLondon
_bSir isaac pitman
_c1965
300 _a136
942 _cBK